书目信息 |
| 题名: |
常微分方程
|
|
| 作者: | HALE , 中山大学数学力学系常微分方程组 著 | |
| 分册: | ||
| 出版信息: | 北京 人民教育出版社 1978 |
|
| 页数: | 329页 | |
| 开本: | 21cm | |
| 丛书名: | ||
| 单 册: | ||
| 中图分类: | O175.1 | |
| 科图分类: | ||
| 主题词: | 数学分析 | |
| 电子资源: | ||
| ISBN: | ||
| 000 | 00689nam0 2200205 45 | |
| 001 | 0405211085 | |
| 005 | 20070712143742.21 | |
| 010 | @dCNY0.77 | |
| 091 | @a13012.0263 | |
| 100 | @a20040521d1978 km y0chiy0120 ea | |
| 101 | 0 | @achi |
| 200 | 1 | @a常微分方程@AChang Wei Fen Fang Cheng@f中山大学数学力学系常微分方程组编@Fzhong shan da xue shu xue li xue xi chang wei fen fang cheng zu bian |
| 210 | @a北京@c人民教育出版社@d1978 | |
| 215 | @a329页@d21cm | |
| 606 | 0 | @a数学分析 |
| 690 | @aO175.1@v3 | |
| 701 | 0 | @aHALE@4著 |
| 701 | 0 | @a中山大学数学力学系常微分方程组@Azhong shan da xue shu xue li xue xi chang wei fen fang cheng zu@4编 |
| 801 | @aCN@bPftUser@c20070712 | |
| 905 | @dO175.1@e120 | |
| 常微分方程/中山大学数学力学系常微分方程组编.-北京:人民教育出版社,1978 |
| 329页;21cm |
| ISBN :CNY0.77 |
| ● |
| 相关链接 |
|
|
|
|
正题名:常微分方程
索取号:O175.1/120
 
预约/预借
| 序号 | 登录号 | 条形码 | 馆藏地/架位号 | 状态 | 备注 |
| 1 | 0765284 | 207652841 | 第二样本阅览室/ [索取号:O175.1/120] | 在馆 | |
| 2 | 0768726 | 207687261 | 密集书库/ [索取号:O175.1/120] | 在馆 |